Catalog

Record Details

Catalog Search



The cat in the hat comes back! / By Dr. Seuss ... Read More

Seuss, Dr.(Author).

Available copies

  • 3 of 3 copies available at LARL/NWRL Consortium. (Show)
  • 1 of 1 copy available at Lake Agassiz Regional Library.

Current holds

0 current holds with 3 total copies.

Show Only Available Copies
Location Call Number / Copy Notes Barcode Shelving Location Status Due Date
Detroit Lakes Public Library EASY READER E S (Text) 33500005522891 Main Available -

Record details

  • ISBN: 0394800028 (trade hc)
  • Physical Description: 61 p. illus. 24 cm.
  • Publisher: New York Beginner Books; distributed by Random House 1958
Subject: Cats > Juvenile fiction.
Stories in rhyme > Juvenile fiction.
LDR 02119cam a2200385 4500
0013088
003LARL_NWRL_CONSORTIUM
00519891211175303.0
008790413s1958 nyua j 000 1 engm
010 . ‡a58-009017
019 . ‡a304377
020 . ‡a0394800028 (trade hc)
035 . ‡a(OCoLC)4854956
035 . ‡a00319863
040 . ‡aDLC ‡cIFA ‡dSER ‡dm.c. ‡dOCL ‡dWSU ‡dKRL
092 . ‡aEASY READER
099 . ‡aG
1001 . ‡aSeuss, ‡cDr. ‡0(LARL_NWRL_CONSORTIUM)56847
24514. ‡aThe cat in the hat comes back! / ‡cBy Dr. Seuss [pseud.
260 . ‡aNew York ‡bBeginner Books; distributed by Random House ‡c1958
300 . ‡a61 p. ‡billus. ‡c24 cm.
650 0. ‡aCats ‡vJuvenile fiction. ‡0(LARL_NWRL_CONSORTIUM)164135
650 0. ‡aStories in rhyme ‡vJuvenile fiction.
901 . ‡a3088 ‡bOCLC ‡c3088 ‡tbiblio

Additional Resources